| 000 | 00693nam a2200229Ia 4500 | ||
|---|---|---|---|
| 003 | OSt | ||
| 005 | 20221007080546.0 | ||
| 006 | a|||||r|||| 00| 0 | ||
| 007 | ta | ||
| 008 | 221006b |||||||| |||| 00| 0 eng d | ||
| 024 | _a27,211 | ||
| 037 | _cReports / Technical Reports | ||
| 040 |
_aFLL _cFLL _beng |
||
| 041 |
_2eng _aeng |
||
| 082 | _aZ4498,910aY, M4 | ||
| 100 |
_aTiruchelvam Neelan _9695014 |
||
| 245 | 0 | _aIdeology of popular justice in Sri Lanka | |
| 260 |
_aNew Delhi _bVikas Publishing House Pvt. Ltd. India _c1984 |
||
| 300 |
_avi,1-215p _ccm. |
||
| 942 |
_hZ4498,910aY, M4 _cREP _2CC |
||
| 999 |
_c1160089 _d1160089 |
||